[Event "Melbourne Cup Weekend"]
[Site "Melbourne"]
[Date "2013.11.01"]
[Round "1"]
[White "Dale, Finley"]
[Black "Li, Zuhao Luke"]
[Result "0-1"]
[WhiteElo "1739"]
[BlackElo "2318"]
[PlyCount "44"]
[EventDate "2013.11.01"]
[EventType "swiss"]
[EventRounds "9"]
[EventCountry "AUS"]
[SourceTitle "EXT 2014"]
[Source "ChessBase"]
[SourceDate "2013.11.20"]
[SourceVersion "1"]
[SourceVersionDate "2013.11.20"]
[SourceQuality "1"]

1. c4 Nf6 2. Nc3 e6 3. e4 d5 4. cxd5 exd5 5. exd5 Nxd5 6. Bc4 Nb6 7. Bb3 Bd6 8. Nf3 0-0 9. 0-0 Bg4 10. d4 Nc6 11. Be3 Kh8 12. Ne4 f5 13. Nxd6 Qxd6 14. d5 Ne5 15. Rc1 Nxf3+ 16. gxf3 Bh3 17. Kh1 Bxf1 18. Qxf1 Rf6 19. Qd3 c6 20. Bc5 Qf4 21. Rg1 Rh6 22. Rg2 Qc1+ 0-1

[Event "Melbourne Malitis Memorial"]
[Site "Melbourne"]
[Date "2013.08.05"]
[Round "4"]
[White "Puccini, Jack"]
[Black "Dale, Finley"]
[Result "1-0"]
[WhiteElo "1957"]
[BlackElo "1765"]
[PlyCount "59"]
[EventDate "2013.07.15"]
[EventType "swiss"]
[EventRounds "7"]
[EventCountry "AUS"]
[SourceTitle "EXT 2019"]
[Source "ChessBase"]
[SourceDate "2018.10.10"]
[SourceVersion "1"]
[SourceVersionDate "2018.10.10"]
[SourceQuality "1"]

1. e4 c6 2. d4 d5 3. Nd2 dxe4 4. Nxe4 Bf5 5. Ng3 Bg6 6. h4 h6 7. Nf3 e6 8. h5 Bh7 9. Bd3 Bxd3 10. Qxd3 Nd7 11. Bd2 Ngf6 12. 0-0-0 Bd6 13. Qe2 0-0 14. Nf1 b5 15. g4 Qc7 16. g5 hxg5 17. Bxg5 Bf4+ 18. Ne3 Bxg5 19. Nxg5 Qf4 20. Nh3 Qe4 21. h6 g6 22. f3 Qh4 23. Ng4 Nxg4 24. fxg4 Rad8 25. g5 Nb6 26. h7+ Qxh7 27. Nf2 Qg7 28. Ng4 Rfe8 29. Nf6+ Kf8 30. Rh7 1-0

[Event "London Classic op 4th"]
[Site "London"]
[Date "2012.12.07"]
[Round "7"]
[White "Compton, Alistair"]
[Black "Dale, Finley"]
[Result "1-0"]
[WhiteElo "2090"]
[BlackElo "1691"]
[PlyCount "39"]
[EventDate "2012.12.01"]
[EventType "swiss"]
[EventRounds "9"]
[EventCountry "ENG"]
[SourceTitle "CBM 151 Extra"]
[Source "ChessBase"]
[SourceDate "2012.12.18"]
[SourceVersion "1"]
[SourceVersionDate "2012.12.18"]
[SourceQuality "1"]

1. e4 c5 2. c3 g6 3. d4 cxd4 4. cxd4 Bg7 5. Nc3 d6 6. Nf3 Nc6 7. Bc4 Bg4 8. Bxf7+ Kf8 9. Bd5 Nf6 10. Be3 Qd7 11. h3 Bxf3 12. Qxf3 Ke8 13. Bb3 Rf8 14. Qe2 Rc8 15. d5 Kd8 16. dxc6 bxc6 17. 0-0 Nh5 18. Rad1 Bxc3 19. bxc3 Nf4 20. Bxf4 1-0

[Event "Melbourne Anzac Day"]
[Site "Melbourne"]
[Date "2012.04.21"]
[Round "1"]
[White "Morris, James"]
[Black "Dale, Finley"]
[Result "1-0"]
[WhiteElo "2354"]
[BlackElo "1623"]
[PlyCount "59"]
[EventDate "2012.04.21"]
[EventType "swiss"]
[EventRounds "7"]
[EventCountry "AUS"]
[SourceTitle "EXT 2023"]
[Source "ChessBase"]
[SourceDate "2022.10.05"]
[SourceVersion "1"]
[SourceVersionDate "2022.10.05"]
[SourceQuality "1"]

1. d4 Nf6 2. Nf3 g6 3. c4 Bg7 4. Bf4 d6 5. h3 0-0 6. e3 Nbd7 7. Nc3 Re8 8. Be2 Nh5 9. Bh2 e5 10. 0-0 f5 11. b4 e4 12. Nd2 Nhf6 13. Qb3 Kh8 14. c5 Nf8 15. Rfd1 Be6 16. Qa3 g5 17. Rac1 Ng6 18. cxd6 cxd6 19. Nb5 Nd5 20. Nxd6 Rg8 21. Nxb7 Qb6 22. Nc5 f4 23. Ndxe4 Nh4 24. Qa6 Qxa6 25. Bxa6 Bf5 26. Nxg5 Bf6 27. exf4 Bxg5 28. fxg5 Rxg5 29. Be5+ Kg8 30. Bg3 1-0

[Event "Begonia op 46th"]
[Site "Ballarat"]
[Date "2012.03.11"]
[Round "4"]
[White "Dale, Finley"]
[Black "Hain, Anthony"]
[Result "0-1"]
[WhiteElo "1623"]
[BlackElo "1835"]
[PlyCount "44"]
[EventDate "2012.03.10"]
[EventType "swiss"]
[EventRounds "7"]
[EventCountry "AUS"]
[SourceTitle "EXT 2019"]
[Source "ChessBase"]
[SourceDate "2018.10.10"]
[SourceVersion "1"]
[SourceVersionDate "2018.10.10"]
[SourceQuality "1"]

1. c4 g6 2. Nc3 Bg7 3. d4 Nf6 4. e4 d6 5. Nf3 0-0 6. Be3 e5 7. d5 Ng4 8. Bd2 f5 9. Be2 Nd7 10. b4 Ndf6 11. h3 Nxf2 12. Kxf2 fxe4 13. Rf1 exf3 14. Bxf3 e4 15. Be2 Nxd5+ 16. Kg1 Nxc3 17. Rxf8+ Qxf8 18. Bxc3 Bxc3 19. Rc1 Bxb4 20. c5 Be6 21. cxd6 Qxd6 22. Qxd6 Bxd6 0-1

[Event "AUS-ch Reserves"]
[Site "Geelong"]
[Date "2012.01.03"]
[Round "7"]
[White "Dale, Finley"]
[Black "Dickson, Ian C"]
[Result "0-1"]
[WhiteElo "1641"]
[BlackElo "1815"]
[PlyCount "66"]
[EventDate "2011.12.27"]
[EventType "swiss"]
[EventRounds "11"]
[EventCountry "AUS"]
[SourceTitle "EXT 2023"]
[Source "ChessBase"]
[SourceDate "2022.10.05"]
[SourceVersion "1"]
[SourceVersionDate "2022.10.05"]
[SourceQuality "1"]

1. c4 Nf6 2. d4 g6 3. Nc3 Bg7 4. e4 d6 5. Nf3 0-0 6. Bd3 Nc6 7. a3 Bg4 8. Be2 e5 9. d5 Ne7 10. b4 c6 11. c5 Bxf3 12. Bxf3 cxd5 13. exd5 e4 14. Be2 dxc5 15. d6 Ned5 16. Nxd5 Nxd5 17. Qxd5 Bxa1 18. bxc5 Bc3+ 19. Bd2 Qa5 20. Bg4 Bxd2+ 21. Qxd2 Qxd2+ 22. Kxd2 f5 23. Be2 Rad8 24. Rc1 b6 25. c6 Rxd6+ 26. Ke3 Rc8 27. Bb5 a6 28. Ba4 b5 29. Bb3+ Kf8 30. c7 Ke7 31. a4 Rd3+ 32. Kf4 Rxb3 33. axb5 Rxb5 0-1

[Event "AUS-ch U12"]
[Site "Mooroolbark"]
[Date "2011.01.21"]
[Round "6"]
[White "Dale, Finley"]
[Black "Derwent, Ethan"]
[Result "1-0"]
[WhiteElo "882"]
[BlackElo "1367"]
[PlyCount "77"]
[EventDate "2011.01.19"]
[EventType "swiss"]
[EventRounds "9"]
[EventCountry "AUS"]
[SourceTitle "EXT 2013"]
[Source "ChessBase"]
[SourceDate "2012.11.22"]
[SourceVersion "1"]
[SourceVersionDate "2012.11.22"]
[SourceQuality "1"]

1. c4 Nf6 2. Nc3 g6 3. g3 Bg7 4. d4 d6 5. Nf3 0-0 6. Bg2 Nbd7 7. 0-0 e5 8. Bg5 h6 9. Bxf6 Qxf6 10. e3 Qd8 11. Qb3 Kh7 12. Rfd1 f5 13. Qc2 Re8 14. dxe5 Nxe5 15. Nxe5 Bxe5 16. c5 Qf6 17. cxd6 Bxd6 18. Nb5 Re7 19. Nxd6 cxd6 20. Qd2 Rd7 21. Qd4 Qe5 22. Rac1 Qxd4 23. Rxd4 a5 24. Rcd1 Ra6 25. Rc1 Ra8 26. Bf1 Rd8 27. Rcd1 Be6 28. b3 d5 29. Bc4 a4 30. Bxd5 axb3 31. Bxe6 Rxd4 32. exd4 bxa2 33. Ra1 b5 34. Rxa2 Rb8 35. Rb2 Kg7 36. Kf1 Kf6 37. d5 Ke5 38. Ke2 g5 39. Kd3 1-0